01203 2200337 4500001002100000005001500021035002500036008004100061040001700102082001500119084001700134100011100151245017500262260009200437300003500529500003200564650001800596700001500614700002400629850001200653007000300665090002100668090002200689090002200711999002200733999002200755990002200777990002200799990002200821990002200843INLIS00000000001581920200630113558 a0010-121500000000074151229s2014 yoi 0 0 ind d aYOPDYOGbind04222a621.48 a621.48 PER p0 aPertemuan Dan Presentasi Ilmiah Penelitian Dasar Ilmu Pengetahuan Dan Teknologi Nuklir (2014 : Yogyakarta)00aProseding pertemuan dan presentasi ilmiah penelitian dasar ilmu pengetahuan dan teknologi nuklir Yogyakarta 10-11 Juni 2014 /cpenyunting, Kusminarto, Sri Jauhari Santoso3 aYogyakarta :bPusat Sains dan Teknologi Akselerator Badan Tenaga Nuklir Nasional,c2014 a... buku :bilustrasi ;c29 cm aYang diterima buku I dan II 4aTeknik nuklir0 aKusminarto0 aSri Jauhari Santoso aYOPDYOGta aDEP 621.48 PER p aCB-D.11 2014-1665 aCB-D.11 2014-1643 aCB-D.11/2014-1665 aCB-D.11/2014-1643 aCB-D.11/2014-1643 aCB-D.11/2014-1665 aCB-D.11/2014-1643 aCB-D.11/2014-1665